Normal view
MARC view
- AMAL KRISHNA.N U
Entry Personal Name
001 - CONTROL NUMBER
- control field: 5483
003 - CONTROL NUMBER IDENTIFIER
- control field: OSt
005 - DATE AND TIME OF LATEST TRANSACTION
- control field: 20230623162739.0
008 - FIXED-LENGTH DATA ELEMENTS
- fixed length control field: 230623|| aca||aabn | a|a d
040 ## - CATALOGING SOURCE
- Original cataloging agency: OSt
- Transcribing agency: OSt
100 ## - HEADING--PERSONAL NAME
- Personal name: AMAL KRISHNA.N U
- Personal name: AYSWARYA.V P
- Personal name: LAKSHMY ANIL
- Personal name: THOUFEER SABITH
670 ## - SOURCE DATA FOUND
- Source citation: Work cat.: (OSt)17712: AMAL KRISHNA.N U AYSWARYA.V P LAKSHMY ANIL THOUFEER SABITH, DEVELOPMENT OF IoT BASED ANIMAL INTRUSION DETECTION AND REPELLENT SYSTEM, 2023
